000 00737cab a2200241 4500
001 WB3504-44
008 090401t1999 xxu||||| |||| 00| 0 eng d
035 _a(Sirsi) u90958
041 _aeng
245 _aRICS calls for withdrawal of Rating Bill
260 _c1999
350 _a0
490 _aEstates Gazette
_v(9903) 23 January 1999, 39(1)
520 _aThe RICS has called for the removal of the new Rating (Valuation) Bill. It claims it will make richer tenants wealthier, while making poorer tenants pay more.
650 _aLEGISLATION
650 _aRATING (VALUATION) BILL
650 _aRICS
650 _aTENANTS
650 _aVALUATIONS
690 _aRATING AND VALUATION
942 _n0
948 _c27/01/1999
999 _c57706
_d57706